An illustrated catalog of the neotropic arctiinae types in the United States National Museum, Lepidoptera: Arctiidae

Сохранить в:
Библиографические подробности
Главный автор: Watson, Allan (Автор)
Формат:
Язык:английский
Опубликовано: Washington, D.C Smithsonian Institution 1971
Серии:Smithsonian Contributions to Zoology, 50
Предметы:
Метки: Добавить метку
Нет меток, Требуется 1-ая метка записи!

MARC

LEADER 00000nam a2200000 a 4500
001 UCL7448
003 CL-VaPUC
008 040520e19710000US |||||||||||||||||eng|d
082 0 4 |a 595.78  |b WAT  |2 21 
100 0 |a Watson, Allan  |e author  |9 485293 
245 1 3 |a An illustrated catalog of the neotropic arctiinae types in the United States National Museum, Lepidoptera: Arctiidae 
300 |a v 
942 |c BK 
945 |d 20040520 00:00:00  |a cmena 
260 |a Washington, D.C  |b Smithsonian Institution  |c 1971 
650 7 |a LEPIDOPTEROS  |2 CL-VaPUC  |9 331930 
650 0 |a Insectos   |9 264174 
650 0 |a Distribución geográfica  |9 260005 
650 7 |a ESPECIES  |2 CL-VaPUC  |9 331928 
650 0 |a Taxonomia  |9 341054 
583 |a last modification  |c 20040520 00:00:00  |k Rodrigo Vera 
490 0 |a Smithsonian Contributions to Zoology, 50 
999 |c 309182  |d 309180